| 000 | 00387nam a2200157 i 4500 | ||
|---|---|---|---|
| 001 | bg | ||
| 100 | 1 |
_aBIELECKI, Jan _d(?-2001). |
|
| 245 | 0 |
_aJęzyk C w systemie CP/M / _cJ. Bielecki. |
|
| 260 |
_aWarszawa, _c1989. |
||
| 650 | 9 | _aC (język programowania) | |
| 040 | _cBPK | ||
| 041 | _apol | ||
| 080 | _a681.322.06:519.682 | ||
| 942 | _cKS | ||
| 008 | s pl f |000 0 pol | ||
| 999 |
_c3833 _d3833 |
||
| 856 |
_uhttp://koha.tu.koszalin.pl/cgi-bin/koha/opac-detail.pl?biblionumber=3833 _yKatalog online BPK |
||